| 000 | 01237nam a2200277 a 4500 | ||
|---|---|---|---|
| 001 | 38941 | ||
| 003 | BD-RjUL | ||
| 005 | 20211209052904.0 | ||
| 008 | 160424r20142004ii a|||| |||| 001 0 ben d | ||
| 020 |
_a8177564242 _c: Tk. 400.00 |
||
| 035 | _a(BD-RjUL) 39051 | ||
| 040 |
_aBD-RjUL _bben _cBD-RjUL |
||
| 041 | _aben | ||
| 082 |
_223 _a338.9 _bSEU 2014 |
||
| 100 |
_aসেন, অমর্ত্য _9119883 |
||
| 245 | 1 | 0 |
_aউন্নয়ন ও স্ব-ক্ষমতা / _cঅমর্ত্য সেন ; অনুবাদক : অরববিন্দ রায় |
| 250 | _a ১ম সং. | ||
| 260 |
_aকলকাতা : _bআনন্দ পাবলিশার্স প্রাইভেট লিমিটেড, _c২০১৪ |
||
| 300 |
_a৩৫৫ পৃ. : _bচিত্র ; _c২২ সেমি. |
||
| 500 | _aঅর্থনীতিতে নোবেল পুরস্কারে সম্মানিত | ||
| 504 | _aনির্ঘণ্ট সংযুক্ত | ||
| 650 |
_aঅর্থনৈতিক উন্নয়ন _9120219 |
||
| 650 |
_aEconomic development _9120221 |
||
| 700 |
_a রায়, অরববিন্দ, অনুবাদক _9120222 |
||
| 942 |
_2ddc _cBK |
||
| 999 |
_c38941 _d38941 |
||